[Event "Xtracon Grand Master 2015"]
[Site "Asgaard Skole, Koge"]
[Date "2015.10.15"]
[Round "4.31"]
[White "Andersen, Bjarne Hjorth"]
[Black "Nielsen, Jens Holm"]
[Result "1-0"]
[WhiteElo "2037"]
[BlackElo "1827"]
[PlyCount "139"]
[EventDate "2015.??.??"]
[WhiteTeam "Køge Skakklub"]
[BlackTeam "Amager Skakforening"]

1. e4 Nc6 2. Nf3 d5 3. exd5 Qxd5 4. Nc3 Qd6 5. Be2 g6 6. b3 Bg7 7. Bb2 Nf6 8.
O-O O-O 9. a4 a6 10. Re1 Re8 11. Bc4 Bg4 12. h3 Bxf3 13. Qxf3 Ne5 14. Qe2 Nxc4
15. Qxc4 e6 16. Re2 c6 17. a5 Rad8 18. Na4 Qd5 19. Qb4 Qb5 20. Qxb5 cxb5 21.
Nb6 Nd7 22. Bxg7 Kxg7 23. Nxd7 Rxd7 24. Kf1 Rc8 25. d3 Rc3 26. Ke1 Kf6 27. Kd2
Rdc7 28. Ra2 Ke7 29. Re4 f5 30. Rh4 Kf6 31. Rxh7 Rxd3+ 32. Kxd3 Rxh7 33. c4
Rd7+ 34. Kc3 bxc4 35. Kxc4 Rc7+ 36. Kd3 e5 37. f3 Kg5 38. g3 Rd7+ 39. Kc3 Rh7
40. h4+ Kf6 41. Rd2 Rc7+ 42. Kd3 Rc5 43. b4 Rc1 44. Ke2 Ke6 45. Rd1 Rc4 46. Rb1
Rc2+ 47. Kf1 Ra2 48. Rb3 e4 49. fxe4 fxe4 50. g4 Ke5 51. h5 gxh5 52. gxh5 Kf4
53. Rh3 Kg4 54. h6 Kxh3 55. h7 Kg3 56. h8=Q Kf3 57. Qh5+ Ke3 58. Qc5+ Kf3 59.
Qf5+ Ke3 60. Qh3+ Kf4 61. Qc3 Kf5 62. Qc8+ Kf4 63. Qxb7 Ra1+ 64. Ke2 Ra2+ 65.
Kd1 Rg2 66. Qxa6 e3 67. Qf6+ Kg3 68. Qg5+ Kf2 69. Qxg2+ Kxg2 70. Ke2 1-0

[Event "Xtracon Grand Master 2015"]
[Site "Asgaard Skole, Koge"]
[Date "2015.10.15"]
[Round "4.32"]
[White "Nielsen, Kai Gylling"]
[Black "Stuhr, Finn"]
[Result "1-0"]
[WhiteElo "1755"]
[BlackElo "1753"]
[PlyCount "95"]
[EventDate "2015.??.??"]
[WhiteTeam "Roskilde Skakklub"]
[BlackTeam "Køge Skakklub"]

1. c4 g6 2. Nf3 b6 3. Nc3 Bg7 4. d4 Bb7 5. e4 Nf6 6. Bd3 d6 7. O-O O-O 8. h3 e6
9. Be3 Nbd7 10. Qd2 c5 11. d5 Re8 12. Bf4 exd5 13. exd5 Ne5 14. Nxe5 dxe5 15.
Bg5 a6 16. Ne4 Nxe4 17. Bxe4 f6 18. Bh4 Qd7 19. f3 b5 20. Rac1 f5 21. Bd3 e4
22. fxe4 fxe4 23. Be2 Bd4+ 24. Kh1 bxc4 25. Bf6 e3 26. Qd1 Bxd5 27. Kg1 Bxg2
28. Kxg2 h5 29. Bxd4 cxd4 30. Rxc4 Qd5+ 31. Rf3 Rad8 32. Qd3 Re7 33. b4 Kg7 34.
a3 Rd6 35. Rc5 Qa2 36. Rc2 Qd5 37. h4 Kh6 38. Rc8 Re4 39. Rc5 Rg4+ 40. Kf1 Qe6
41. Rg5 Rxh4 42. Rg1 Qe5 43. Rfg3 Rf4+ 44. Ke1 Rff6 45. Kd1 Qe6 46. Bxh5 gxh5
47. Rg7 Rd7 48. Qh7# 1-0

[Event "Xtracon Grand Master 2015"]
[Site "Asgaard Skole, Koge"]
[Date "2015.10.15"]
[Round "4.33"]
[White "Nielsen, Bjørn"]
[Black "Andersen, Daniel"]
[Result "0-1"]
[WhiteElo "1358"]
[BlackElo "1869"]
[PlyCount "98"]
[EventDate "2015.??.??"]
[WhiteTeam "Nørrebro Skakklub"]
[BlackTeam "Frederikssund Skakklub"]

1. e4 c5 2. Nf3 d6 3. d3 Nc6 4. Be2 g6 5. O-O Bg7 6. c3 e6 7. Be3 Nge7 8. Nbd2
O-O 9. Qc2 Bd7 10. Rad1 Rc8 11. Rfe1 Nd4 12. Bxd4 cxd4 13. c4 d5 14. Qb1 dxe4
15. Nxe4 h6 16. b4 Kh7 17. Rc1 b6 18. b5 f5 19. Ned2 e5 20. h3 g5 21. Nh2 Ng6
22. Bf3 Nf4 23. Bb7 Rc7 24. Ba6 Be8 25. Ndf3 Re7 26. Kh1 Bg6 27. Ng1 e4 28. g3
Nxd3 29. c5 Nxe1 30. c6 Nd3 31. Rf1 Nc5 32. Rc1 Rc7 33. Rxc5 bxc5 34. Qc1 Qd5
35. Qf1 c4 36. f4 c3 37. Ne2 d3 38. Nxc3 Bxc3 39. b6 axb6 40. Bxd3 Qxd3 41. Qg2
Rxc6 42. fxg5 Bd4 43. gxh6 Rc1+ 44. Nf1 Rxf1+ 45. Kh2 Rf2 46. h4 Rxg2+ 47. Kxg2
Qf3+ 48. Kh2 Bf2 49. Kh3 Qxg3# 0-1

[Event "Xtracon Grand Master 2015"]
[Site "Asgaard Skole, Koge"]
[Date "2015.10.15"]
[Round "4.34"]
[White "Schjølin, John"]
[Black "Bue, Gunnar"]
[Result "0-1"]
[WhiteElo "1285"]
[BlackElo "1640"]
[PlyCount "98"]
[EventDate "2015.??.??"]
[WhiteTeam "Gribskov Skakklub"]

1. d4 Nf6 2. c4 g6 3. b3 Bg7 4. Nf3 O-O 5. e3 d6 6. Nbd2 c5 7. Bb2 Nc6 8. d5
Nb8 9. e4 e6 10. Bd3 exd5 11. cxd5 Re8 12. O-O Bg4 13. Re1 a6 14. a4 Nbd7 15.
Nc4 Nb6 16. Ra2 Nxc4 17. bxc4 Bd7 18. h3 Rb8 19. Bc3 b5 20. axb5 axb5 21. cxb5
Bxb5 22. Rb2 c4 23. Bc2 Bd7 24. Rxb8 Qxb8 25. Qd4 Nh5 26. Qxc4 Rc8 27. Rb1
Qxb1+ 28. Bxb1 Rxc4 29. Bd2 Nf6 30. Bd3 Rc8 31. Ne1 Ba4 32. f3 Nd7 33. Kf2 Nc5
34. Ke2 Nxd3 35. Nxd3 Bb5 36. Ke3 Bxd3 37. Kxd3 Ra8 38. Ke2 Ra2 39. Kd3 Ra1 40.
Ke2 h5 41. h4 Bf6 42. g3 Rg1 43. Kf2 Bd4+ 44. Be3 Bxe3+ 45. Kxe3 f6 46. Kf4 Kf7
47. g4 hxg4 48. fxg4 Rf1+ 49. Kg3 Ra1 0-1

[Event "Xtracon Grand Master 2015"]
[Site "Asgaard Skole, Koge"]
[Date "2015.10.15"]
[Round "4.35"]
[White "Stage-Steffensen, Theo"]
[Black "Stage-Steffensen, Sander"]
[Result "0-1"]
[WhiteElo "1033"]
[BlackElo "1515"]
[PlyCount "90"]
[EventDate "2015.??.??"]
[WhiteTeam "Køge Skakklub"]
[BlackTeam "Køge Skakklub"]

1. e4 d6 2. d4 Nf6 3. Nc3 e5 4. Nf3 Nbd7 5. Bg5 Be7 6. Bxf6 Bxf6 7. d5 O-O 8.
Nb5 Nc5 9. Bd3 b6 10. b4 Nxd3+ 11. Qxd3 Ba6 12. c4 Bxb5 13. cxb5 Qd7 14. h4 Qg4
15. Rh2 Be7 16. Qe3 f5 17. Ng5 Bxg5 18. hxg5 Qxe4 19. Qxe4 fxe4 20. Ke2 Rf5 21.
Rah1 Rxg5 22. Rxh7 Kf7 23. Ke3 Rxg2 24. Kxe4 Rxf2 25. Rg1 Rg8 26. Rc1 Kg6 27.
Rhh1 Rf4+ 28. Ke3 Rf7 29. Rcg1+ Kf6 30. Rf1+ Ke7 31. Rxf7+ Kxf7 32. Rc1 Rc8 33.
Ke4 g6 34. Rf1+ Ke7 35. Rh1 Rf8 36. a4 Rf4+ 37. Ke3 Rxb4 38. Rh7+ Kd8 39. Rh8+
Kd7 40. Rh7+ Kc8 41. Rh8+ Kb7 42. Rg8 Rxa4 43. Rxg6 Rb4 44. Kd3 Rxb5 45. Kc4
Rc5+ 0-1